Nová architektúra orgánov dohľadu vstupuje do štvrtého roku svojho fungovania

Nariadenia kreujúce novú architektúru dohľadu Európskej únie, ktoré zakotvili vznik európskych orgánov dohľadu, ustanovujú povinnosť pre Európsku komisiu predložiť správu o fungovaní týchto orgánov v roku 20142. Od ich založenia v januári 2011 ubehli viac ako tri roky a Komisia predložila hodnotiacu...

Ausführliche Beschreibung

Gespeichert in:
Bibliographische Detailangaben
1. Verfasser: Dvořáček, Vladimír
Weitere Verfasser: Čillíková, Júlia, Nádaský, Adam, Medvec, Matúš
Format: Buchkapitel
Sprache:Slowakisch
Schlagworte:
Tags: Tag hinzufügen
Keine Tags, Fügen Sie das erste Tag hinzu!

MARC

LEADER 00000naa a2200000 4500
001 0196122
005 20221020081959.8
041 0 |a slo 
044 |a SK 
245 1 0 |a Nová architektúra orgánov dohľadu vstupuje do štvrtého roku svojho fungovania  |c Vladimír Dvořáček, Júlia Čillíková, Adam Nádaský, Matúš Medvec 
520 |a Nariadenia kreujúce novú architektúru dohľadu Európskej únie, ktoré zakotvili vznik európskych orgánov dohľadu, ustanovujú povinnosť pre Európsku komisiu predložiť správu o fungovaní týchto orgánov v roku 20142. Od ich založenia v januári 2011 ubehli viac ako tri roky a Komisia predložila hodnotiacu správu Európskemu parlamentu a Rade. Sumarizácia najpodstatnejších zistení tejto správy a plány, akým smerom by sa mali uberať európske orgány dohľadu v strednodobom horizonte. 
610 2 0 |a Európska centrálna banka 
610 2 0 |a dohľad nad finančným trhom 
610 2 0 |a únie bankové 
610 2 0 |a dohľad bankový 
610 2 0 |a kríza finančná 
610 2 0 |a Európska únia 
100 1 |a Dvořáček, Vladimír 
700 1 |a Čillíková, Júlia 
700 1 |a Nádaský, Adam 
700 1 |a Medvec, Matúš